000 00543nam a22001697a 4500
005 20251108171109.0
008 250721s1982 xx 000 0 ara d
082 1 4 _a216.2/قيم
100 1 _aإبن قيم الجوزيه، شمس الدين محمد بن أبي بكر
245 1 0 _aالوابل الصيب من الكلم الطيب /
264 1 _aبيروت :
_bالكتب العلمية،
_c1982.
300 _a139ص
650 1 7 _aالإسلام
650 1 7 _aالأوراد و الأذكار
942 _2ddc
_cBK
999 _c56504
_d56504